| 000 | 00793aab a2200193 4500 | ||
|---|---|---|---|
| 001 | 768714001 | ||
| 003 | CO-MdFUSB | ||
| 005 | 20240530110747.0 | ||
| 008 | 170508s1992 cr ||||| |||| 00| 0 spa d | ||
| 040 |
_aCO-MdFUSB _bspa _cCO-MdFUSB _dCO-MdFUSB |
||
| 041 | _aspa | ||
| 245 | 0 | 0 | _aReportajes con Samuel Escobar |
| 300 |
_aVolumen 10. Número 1 (1992), páginas 24-26 _c: 27 cm. |
||
| 520 | _a"Evidentemente, el empobrecimiento de América latina también se nota en la marcha de la Iglesia" En este reportaje se habla con Samuel Escobar, habla del CLADE III, la fraternidad teológica, América latina y Norteamérica. | ||
| 653 | _aEntrevista | ||
| 773 | 0 |
_tApuntes Pastorales _049442 _960137 _gVolumen 10. Número 1 (1992), páginas 24-26 _qPágina 24 |
|
| 942 | _cANA | ||
| 945 | _aJTF-925 | ||
| 999 |
_c49732 _d49732 |
||